000 01023nam a2200313 i 4500
003 EG-GICUC
005 20260428113355.0
008 260428s1977 gw ||fr|||| 00| 0 ger d
020 _a3783226775
040 _aEG-GiCUC
_bger
_cEG-GiCUC
_dEG-GiCUC
_erda
041 0 _ager
082 0 4 _221
_a343.3
_bSC . S
092 0 4 _221
099 _aLaw1 10 343.3 SC . S 6 ed - 1977
100 1 _aSchulz, Georg
_eAuthor.
245 1 0 _aStrafprozeßordnung /
_cvon Dr. jur. Georg Schulz, Paul Berke-Müller, unter Mitwirkung von Bernhard Fabis.
250 _a6., neubearbeitete Auflage
264 1 _aHamburg :
_bKriminalistik Verlag Heidelberg,
_c1977.
300 _a630 pages,
_c24 cm
336 _2rda content
_atext
337 _2rda media
_aComputer
338 _2rda carrier
_aOnline Resource
504 _aIncludes bibliographical references.
546 _a Text in German
650 1 4 _aCriminal law
856 4 0 _uhttps://fll.law.cu.edu.eg/fulltext/bks/B10-11197.pdf
905 _a48
942 _2ddc
_cBK
_e21
_n0
999 _c73845
_d73845